Изучение фазовых превращений в наноструктурных покрытиях на основе Zr-Y-O; Перспективы развития фундаментальных наук; Т. 1 : Физика

Opis bibliograficzny
Parent link:Перспективы развития фундаментальных наук=Prospects of Fundamental Sciences Development: сборник научных трудов XIV Международной конференции студентов, аспирантов и молодых ученых, г. Томск, 25-28 апреля 2017 г./ Национальный исследовательский Томский политехнический университет (ТПУ) ; под ред. И. А. Курзиной, Г. А. Вороновой.— , 2017
Т. 1 : Физика.— 2017.— [С. 246-248]
Korporacja: Национальный исследовательский Томский политехнический университет
Kolejni autorzy: Никоненко А. В. (научный руководитель), Калашников М. П. Марк Петрович, Нейфельд В. В., Федорищева М. В. Марина Владимировна
Streszczenie:Заглавие с экрана
The deposition of the multilayer nanostructuring coatings on the basis of Zr-Y-O are formed by pulse magnetron method. Structure-phase state of nanostructuring coatings was investigated by X-ray and TEM. It was established, that there are the ZrO2 phases in tetragonal and monoclinic modifications in layers on the basis of Zr-Y-O system.
Język:rosyjski
Wydane: 2017
Hasła przedmiotowe:
Dostęp online:http://earchive.tpu.ru/handle/11683/41459
Format: Elektroniczne Rozdział
KOHA link:https://koha.lib.tpu.ru/cgi-bin/koha/opac-detail.pl?biblionumber=622687

MARC

LEADER 00000naa2a2200000 4500
001 622687
005 20260421141137.0
035 |a (RuTPU)RU\TPU\conf\21489 
035 |a RU\TPU\conf\21488 
090 |a 622687 
100 |a 20170704d2017 k y0rusy50 ca 
101 0 |a rus 
102 |a RU 
105 |a y z 100zy 
135 |a drcn ---uucaa 
181 0 |a i  
182 0 |a b 
200 1 |a Изучение фазовых превращений в наноструктурных покрытиях на основе Zr-Y-O  |d Tem investigation of phase transformations of nanostructured coatings on the basis of Zr-Y-O  |f А. В. Никоненко [и др.]  |g науч. рук. М. В. Федорищева 
203 |a Текст  |c электронный 
300 |a Заглавие с экрана 
320 |a [Библиогр.: с. 248 (3 назв.)] 
330 |a The deposition of the multilayer nanostructuring coatings on the basis of Zr-Y-O are formed by pulse magnetron method. Structure-phase state of nanostructuring coatings was investigated by X-ray and TEM. It was established, that there are the ZrO2 phases in tetragonal and monoclinic modifications in layers on the basis of Zr-Y-O system. 
461 1 |0 (RuTPU)RU\TPU\conf\21388  |t Перспективы развития фундаментальных наук  |l Prospects of Fundamental Sciences Development  |o сборник научных трудов XIV Международной конференции студентов, аспирантов и молодых ученых, г. Томск, 25-28 апреля 2017 г.  |o в 7 т.  |f Национальный исследовательский Томский политехнический университет (ТПУ) ; под ред. И. А. Курзиной, Г. А. Вороновой  |d 2017 
463 1 |0 (RuTPU)RU\TPU\conf\21389  |t Т. 1 : Физика  |v [С. 246-248]  |d 2017 
510 1 |a Tem investigation of phase transformations of nanostructured coatings on the basis of Zr-Y-O  |z eng 
610 1 |a труды учёных ТПУ 
610 1 |a электронный ресурс 
610 1 |a керамические материалы 
610 1 |a диоксид циркония 
610 1 |a огнеупорные материалы 
610 1 |a теплозащитные покрытия 
610 1 |a металлические сплавы 
701 1 |a Никоненко  |b А. В. 
701 1 |a Калашников  |b М. П.  |c физик  |c инженер Томского политехнического университета  |g Марк Петрович  |3 (RuTPU)RU\TPU\pers\31797  |9 15908 
701 1 |a Нейфельд  |b В. В. 
701 1 |a Федорищева  |b М. В.  |c физик  |c доцент Томского политехнического университета, кандидат физико-математических наук  |f 1958-  |g Марина Владимировна  |3 (RuTPU)RU\TPU\pers\35739 
702 1 |a Федорищева  |b М. В.  |c физик  |c доцент Томского политехнического университета, кандидат физико-математических наук  |f 1958-  |g Марина Владимировна  |4 727 
712 0 2 |a Национальный исследовательский Томский политехнический университет  |c (2009- )  |9 26305 
801 2 |a RU  |b 63413507  |c 20170718  |g RCR 
856 4 |u http://earchive.tpu.ru/handle/11683/41459 
942 |c BK